00382 2200145 4500001002100000005001500021035002000036245007900056100002500135300001200160260003000172082000800202084001400210990001200224INLIS00000000000236120250528111653 a0010-05250006531 aRed Is For Remembrance ( Aku Tahu Kamu Sendirian ) /cLaurie Faria Stolarz0 aLaurie Faria Stolarz a438 hlm aBandung :bO Press,c2006 a813 a813 LAU r a0712649